000 00615nam a2200217 i 4500
001 BINCO
003 CO-MdBIC
005 20221025174741.0
008 221025b19961999ag a|||| |||| 00| 0 spa d
020 _a9588061059
040 _aCO-MdBIC
_bspa.
_cCO-MdBIC
_dCO-MdBIC
041 _aspa
082 _222
_a863
_bB532
100 _a Berocay, Roy
_d(1955-
245 4 _aLas aventuras del sapo Ruperto
_c Berocay, Roy
264 _aBogotá :
_bAlfaguara, A.S,
_c©1999
300 _a120 Páginas :
_bIlustraciones a blanco y negro ;
_c20cm.
650 _xAventura
700 _aJosé Miguel Silva Lara
942 _cLGB
999 _c68319
_d68319